00996nam a2200169 i 450000100060000000300090000600500170001500700030003200800410003510000300007624500800010630000290018650504460021585200250066199900170068695201230070337131ES-MaACL20230906155516.0t|030220s1905 fr ||||1| fre d1 aBrunot, Ferdinand.93220510aHistoire de la langue française des origines a 1900 / cFerdinand Brunot. a9 t. en 12 v. ; c25 cm.8 aContiene. T.I: De l'epoque latine a la Renaissance. -- T.II: Le seizieme siecle. -- T.III: La formation de la langue classique (1600-1660). -- T.IV: La langue classique (1660-1715). -- T.V: Le français en France et hors de France au XVII siecle. -- T.VI: Le XVIII siecle. -- T.VII: La propagation du français en France jusqu'a la fin de 'ancien regime. -- T.VIII: Le français hors de France au XVIII. -- T.IX: La Revolution et l'Empire aES-MaACLjC-22121-32 c37131d37131 00104070aATENEOMbATENEOMcMESd2008-01-17eSCl0oC-22121-32p1039066r2023-02-23 00:00:00w2023-02-23yMONOGRAFIA